00660nam a2200229Ia 4500003000900000008004100009040001300050040001300063041000800076100001800084245002300102250001100125260001200136260000900148300001100157300001000168490002800178490000600206942000700212999001700219952019400236IT-RoPAU120407s9999 xx 000 0 und d aIT-RoPAU cIT-RoPAU aita aHenri Bremond aPreghiera e poesia aMilano aRusconi c1983 a206 p. c22 cm aTesti di spiritualità v1 cBK c28611d28611 00102ddc406801_20000000000000071aPAULUSbPAULUSd2012-04-11l0o801.2r2012-04-11 00:00:00w2012-04-11yBKzInserito da: Jole In data: 22 luglio 2011 fondo: Via A.Severo 56 Progr:29643